Laddar...
The professional programmers guide to 'C'
| Huvudupphovsman: | |
|---|---|
| Materialtyp: | Printed Book |
| Språk: | English |
| Publicerad: |
New Delhi
Galgotia
1991
|
| Ämnen: |
| LEADER | 00542nam a22001697a 4500 | ||
|---|---|---|---|
| 005 | 20151215125025.0 | ||
| 008 | 091015t xxu||||| |||| 00| 0 eng d | ||
| 082 | |a 005.133 |b MCK | ||
| 100 | |a Mckay, Pat |9 4138 | ||
| 245 | |a The professional programmers guide to 'C' | ||
| 300 | |a 202p. | ||
| 653 | |a Computer programming | ||
| 942 | |c BK |6 _ | ||
| 260 | |a New Delhi |b Galgotia |c 1991 | ||
| 500 | |a Includes index | ||
| 999 | |c 96055 |d 96055 | ||
| 952 | |0 0 |1 0 |2 ddc |4 0 |6 005133_MCK |7 0 |9 121141 |a SMS |b SMS |c GEN |d 2009-10-15 |o 005.133 MCK |p SMS017004 |r 2009-10-15 |w 2009-10-15 |y BK | ||